00740nab a2200205uuc4500001000800000005001700008008004100025035001200066035002100078040001300099041000800112100004600120245013700166650002700303650002900330700004900359773009700408942001000505999001900515106187020241213142030.0080115e20060301 spa  a1061870 a(OCoLC)820382098 ccomduadb aspa10aSánchez Molina, Joany4auteaut944877110aAplicacion de los metodos mars, holt-winters y arima generalizado en el pronostico de caudales medios mensuales en rios de Antioquia aCaudal de aguas939649 aControl de caudal97356110aPoveda Jaramillo, Germán4auteaut93422460 tMeteorología Colombiana (Bogotá)gNo. 10, Mar. 2006, p. 36-46w758932x0124-69840254336 cARIMP c444180d444180